|
|
|
|
| LEADER |
00754naa a2200205 i 4500 |
| 001 |
publ32216 |
| 005 |
20250404131755.0 |
| 008 |
250404s1992 hu o 000 hun d |
| 020 |
|
|
|a 9637179402
|
| 024 |
7 |
|
|a 1973031
|2 mtmt
|
| 040 |
|
|
|a SZTE Publicatio Repozitórium
|b hun
|
| 041 |
|
|
|a hun
|
| 100 |
1 |
|
|a Csanády Miklós
|
| 245 |
1 |
0 |
|a Versenyszerű sportolás hatása a fejlődő szívre
|h [elektronikus dokumentum] /
|c Csanády Miklós
|
| 260 |
|
|
|a Albert Szent-Györgyi Medical University
|b Szeged
|c 1992
|
| 300 |
|
|
|a 7
|
| 300 |
|
|
|a 54-60
|
| 490 |
0 |
|
|a Testi nevelés - Egészség : Szent-Györgyi Albert Tudományos Emlékülés anyaga
|
| 650 |
|
4 |
|a Klinikai orvostan
|
| 856 |
4 |
0 |
|u http://publicatio.bibl.u-szeged.hu/32216/1/aok_klny_124_92.pdf
|z Dokumentum-elérés
|